How's your health? (Record no. 38385)
[ view plain ]
| 000 -LEADER | |
|---|---|
| fixed length control field | 00704cam a22002411 4500 |
| 001 - CONTROL NUMBER | |
| control field | med47001731 |
| 003 - CONTROL NUMBER IDENTIFIER | |
| control field | DLC |
| 005 - DATE AND TIME OF LATEST TRANSACTION | |
| control field | 20260227111603.0 |
| 008 - FIXED-LENGTH DATA ELEMENTS--GENERAL INFORMATION | |
| fixed length control field | 780609s1947 nyu 000 0 eng |
| 010 ## - LIBRARY OF CONGRESS CONTROL NUMBER | |
| LC control number | med47001731 |
| 035 ## - SYSTEM CONTROL NUMBER | |
| System control number | (OCoLC)3962311 |
| 040 ## - CATALOGING SOURCE | |
| Original cataloging agency | DLC |
| Transcribing agency | InMuB |
| Modifying agency | InMuB |
| -- | DLC |
| 043 ## - GEOGRAPHIC AREA CODE | |
| Geographic area code | n-us--- |
| -- | e-ur--- |
| 050 00 - LIBRARY OF CONGRESS CALL NUMBER | |
| Classification number | RA445 |
| Item number | .F7 |
| 082 ## - DEWEY DECIMAL CLASSIFICATION NUMBER | |
| Classification number | 614.0973 |
| 100 1# - MAIN ENTRY--PERSONAL NAME | |
| Personal name | Friedman, Robert. |
| 245 10 - TITLE STATEMENT | |
| Title | How's your health? |
| Remainder of title | The fight for a national health program. |
| 260 ## - PUBLICATION, DISTRIBUTION, ETC. | |
| Place of publication, distribution, etc. | [New York, |
| Name of publisher, distributor, etc. | New Century Publishers, |
| Date of publication, distribution, etc. | 1947] |
| 300 ## - PHYSICAL DESCRIPTION | |
| Extent | 32 p. |
| Dimensions | 19 cm. |
| 500 ## - GENERAL NOTE | |
| General note | Cover title. |
| 650 #0 - SUBJECT ADDED ENTRY--TOPICAL TERM | |
| Topical term or geographic name entry element | National health services |
| Geographic subdivision | United States. |
| 650 #0 - SUBJECT ADDED ENTRY--TOPICAL TERM | |
| Topical term or geographic name entry element | National health services |
| Geographic subdivision | Soviet Union. |
No items available.